000 00960cam a2200289 a 4500
001 4181885
003 XCMJKUY
005 20220326193251.0
008 030505s2002 cr a b 001 0 spa
010 _a 2003460981
020 _a9968151882
035 _a(OCoLC)ocm52995073
035 _a(NNC)4181885
040 _aDLC
_cDLC
_dNDD
_dIQU
043 _anccr---
050 0 0 _aPN1993.5.C78
_bC65 2002
082 _a777.809.728.6
_bC828e
100 1 _aCortés, María Lourdes.
_9608
245 1 3 _aEl espejo imposible :
_bun siglo de cine en Costa Rica /
_cMaría Lourdes Cortés.
260 _a[S.l.] :
_bHIVOS ;
_aSan José, Costa Rica :
_bFarben Grupo Editorial Norma,
_cc2002.
300 _a370 p. :
_bill. ;
_c26 cm.
504 _aIncludes bibliographical references (p. 359-365) and index.
505 _tCuarto oscuro, Sergio Ramirez
650 0 _aMotion pictures
_zCosta Rica
_xHistory.
_9609
650 0 _aCine
_xHistoria
_yCosta Rica
_9610
999 _c122
_d122